000
00226nam a2200085Ia 4500
245
0
_a
What should we wear?
100
_a
NICHOLS, Jennifer Harlow, 2004
_9
79939
942
_c
BK
008
210817s9999 xx 000 0 und d
999
_c
279546
_d
279545